书目信息 |
| 题名: |
名家会诊胃肠疾病
|
|
| 作者: | 王伟钢 , 刘新光 , 谢鹏雁 , 刘新光等主讲 主讲 | |
| 分册: | ||
| 出版信息: | 北京 现代出版社 2005 |
|
| 页数: | 272页 | |
| 开本: | 21cm | |
| 丛书名: | CCAV健康之路 | |
| 单 册: | ||
| 中图分类: | R573 | |
| 科图分类: | ||
| 主题词: | 胃肠病--wei chang bing--防治 | |
| 电子资源: | ||
| ISBN: | 7-80188-234-2 | |
| 000 | 00977nam 2200289 450 | |
| 001 | CAL 012005084731 | |
| 005 | 20061124153154.73 | |
| 010 | @a7-80188-234-2@dCNY 24.00 | |
| 016 | @aCN-Z01-05-0012-0@b光盘 | |
| 099 | @aCAL 012005084731 | |
| 100 | @a20050720d2005 em y0chiy0121 ea | |
| 101 | 0 | @achi |
| 102 | @aCN@b110000 | |
| 200 | 1 | @a名家会诊胃肠疾病@Aming jia hui zhen wei chang ji bing@f刘新光等主讲@Fliu xin guang deng zhu jiang |
| 210 | @a北京@c现代出版社@d2005 | |
| 215 | @a272页@d21cm@e光盘2片 | |
| 225 | 2 | @aCCAV健康之路@Accav jian kang zhi lu |
| 304 | @a名题页题: 刘新光, 谢鹏雁, 王伟钢, 晁恩祥, 黄乃侠, 王邦茂主讲 | |
| 410 | 0 | @12001 @aaCCAV健康之路 |
| 606 | 0 | @a胃肠病@Awei chang bing@x防治 |
| 690 | @aR573@v4 | |
| 701 | 0 | @a王伟钢@Awang wei gang@4主讲 |
| 701 | 0 | @a刘新光@Aliu xin guang@4主讲 |
| 701 | 0 | @a谢鹏雁@Axie peng yan@4主讲 |
| 701 | 0 | @a刘新光等主讲@Aliu xin guang deng zhu jiang |
| 801 | @aCN@c20061124 | |
| 905 | @a10447@dR573@eL691 | |
| 名家会诊胃肠疾病/刘新光等主讲.-北京:现代出版社,2005 |
| 272页;21cm+光盘2片.-(CCAV健康之路) |
| ISBN 7-80188-234-2:CNY 24.00 |
| ● |
| 相关链接 |
|
|
|
正题名:名家会诊胃肠疾病
索取号:R573/L691
 
预约/预借
| 序号 | 登录号 | 条形码 | 馆藏地/架位号 | 状态 | 备注 |
| 1 | 616115 | 206161151 | 自科库401/401自科库 18排4列2层/ [索取号:R573/L691] | 在馆 | |
| 2 | 616116 | 206161160 | 自科库401/401自科库 18排4列2层/ [索取号:R573/L691] | 在馆 | |
| 3 | 616117 | 206161179 | 自科库401/401自科库 18排4列2层/ [索取号:R573/L691] | 在馆 |